UBT Library

Mcgraw-hill's 500 college micro economics questions / (Record no. 658)

000 -LEADER
fixed length control field 00488nam a22001817a 4500
005 - DATE AND TIME OF LATEST TRANSACTION
control field 20150331061438.0
008 - FIXED-LENGTH DATA ELEMENTS--GENERAL INFORMATION
fixed length control field 120217s2012 ilu 000 0 eng
020 ## - INTERNATIONAL STANDARD BOOK NUMBER
International Standard Book Number 0071780483
041 0# - LANGUAGE CODE
Language code of text/sound track or separate title eng
080 ## - UNIVERSAL DECIMAL CLASSIFICATION NUMBER
Universal Decimal Classification number 330.101.542
100 1# - Rafti
Rafti Dodge, Fox.
245 10 - TITLE STATEMENT
Title Mcgraw-hill's 500 college micro economics questions /
Statement of responsibility, etc Fox Dodge.
250 ## -
-- 1st ed.
260 ## -
-- Chicago, IL :
-- McGraw-Hill,
-- 2012.
300 ## -
-- 244 f.:
-- me il.;
-- 23 cm,
650 ## -
-- Mikroekonomia
942 ## - ADDED ENTRY ELEMENTS (KOHA)
Source of classification or shelving scheme
Item type Books
Holdings
Withdrawn status Lost status Source of classification or shelving scheme Damaged status Not for loan Collection code Permanent location Current location Shelving location Date acquired Total Checkouts Full call number Date last seen Koha item type
          Koleksioni i përgjithshem UBT - Lipjan UBT - Lipjan Koleksioni i përgjithshem 03/31/2015   330.101.542 DOD 03/31/2015 Books
UBT Library © 2015-2024. All rights reserved University Education for Business and Technology